The ancient world : a beginning /
محفوظ في:
المؤلف الرئيسي:
التنسيق: كتاب
اللغة: English
منشور في:
Cambridge, Eng. :
The University press,
1935.
الموضوعات:
الوسوم: إضافة وسم
لا توجد وسوم, كن أول من يضع وسما على هذه التسجيلة!
رقم الطلب: D59 .G6 1935a
| LEADER | 00600namaa2200193 4500 | ||
|---|---|---|---|
| 001 | 21096 | ||
| 003 | OSt | ||
| 005 | 20251120120553.0 | ||
| 008 | 130303s1935 enkabf 000 0 eng d | ||
| 040 | |c ARCE Library | ||
| 050 | 4 | |a D59 .G6 1935a | |
| 100 | 1 | |a Glover, T. R., |q (Terrot Reaveley), |d 1869-1943, |e author |9 30837 | |
| 245 | 1 | 4 | |a The ancient world : |b a beginning / |c by T. R. Glover. |
| 264 | 1 | |a Cambridge, Eng. : |b The University press, |c 1935. | |
| 300 | |a 388 p., [9] leaves of plates : |b ill., maps ; |c 20 cm. | ||
| 650 | 0 | |a History, Ancient. | |
| 901 | |a reviewed | ||
| 942 | |c BK |2 lcc | ||
| 999 | |c 18409 |d 18409 | ||
